000 00604nam a2200229Ia 4500
003 OSt
005 20221005125742.0
006 a|||||r|||| 00| 0
007 ta
008 221004b |||||||| |||| 00| 0 mal d
024 _a57582
037 _cTextual
040 _aCRL
_cCRL
_bmal
041 _2mal
_amal
082 _aO32,6M96x, H9.1-.5
100 _aBalalkrishna warrier
_9637064
245 0 _aPrabandha manjari
260 _c1949
650 _aMALAYALAM LITERATURE
_938866
942 _hO32,6M96x, H9.1-.5
_cTEXL
_2cc
999 _c1054955
_d1054955